Państwa Graniczące z Etiopią - Statystyki

Ogólne statystyki
  • Ten quiz został rozwiązany 19 razy
  • Średni wynik to 5 z 6
Statystyki odpowiedzi
Państwo % Poprawnych
Erytrea
100%
Somalia
100%
Kenia
94%
Sudan
88%
Sudan Południowy
88%
Dżibuti
76%
Nie znaleziono quizów pasujących do podanych kryteriów
Rozkład punktacji
Procent ludzi z każdym wynikiem
Percentyl według liczby udzielonych odpowiedzi
Twoja historia wyników
Nie rozwiązałeś tego quizu